01488cam a2200409 i 450000100090000000300050000900500170001400800410003101000170007202000430008902000260013203800100015804000280016804200080019604300120020405000210021608200230023710000410026024500800030126000340038130000290041533600210044433700250046533800230049049000330051350400670054665000530061365000510066665000580071765100400077565100410081565100500085690600450090694200120095199900190096395200960098217976580NUST20220825155050.0131219s2014 mau b 001 0 eng  a 2013050262 a9780807000403 (hardcover : alk. paper) z9780807000410 (ebook) aAzhar aDLCbengcDLCerdadDLC apcc an-us---00aE76.8b.D86 201400a970.00497223bDUN1 aDunbar-Ortiz, Roxanne,d1939-99659513aAn indigenous peoples' history of the United States cRoxanne Dunbar-Ortiz. aBoston :bBeacon Press,c2014 axiv, 296 pages ;c24 cm. atext2rdacontent aunmediated2rdamedia avolume2rdacarrier0 aReVisioning American history aIncludes bibliographical references (pages 240-279) and index. 0aIndians of North AmericaxHistoriography.996596 0aIndians of North AmericaxColonization.996597 0aIndians, Treatment ofzUnited StatesxHistory.996598 0aUnited StatesxColonization.996599 0aUnited StatesxRace relations.91188 0aUnited StatesxPolitics and government.98166 a7bcbccorignewd1eecipf20gy-gencatlg 2ddccLC c590795d590795 00102ddc4070aCLbCLcLCd2022-08-06o970.00497 DUNpLC-313r2022-08-06w2022-08-06yREF